Xarxa Xaloc : red local de empleo, mercado de trabajo y servicios municipales red local de empleo, mercado de trabajo y servicios municipales
Publicado:
Barcelona :
Diputació de Barcelona. Àrea de Promoció Econòmica i Ocupació. Servei de Dinamització del Mercat de Treball Local ,
2006
Descripción Física:
[8] p. : fot. ; 30 cm
MARC
| LEADER | 00000nam a2200000Ia 4500 | ||
|---|---|---|---|
| 001 | 20871 | ||
| 008 | 160829s2006 xx 000 0 cat d | ||
| 080 | |a FU-22-14 | ||
| 110 | 2 | |a Xaloc Intermediació |9 55209 | |
| 245 | |a Xarxa Xaloc : |b red local de empleo, mercado de trabajo y servicios municipales | ||
| 260 | |a Barcelona : |b Diputació de Barcelona. Àrea de Promoció Econòmica i Ocupació. Servei de Dinamització del Mercat de Treball Local, |c 2006 | ||
| 300 | |a [8] p. : |b fot. ; |c 30 cm | ||
| 590 | |a Hi ha un altre exemplar en català amb R. 20870 i en anglès amb R. 20872 | ||
| 650 | 0 | |a Ocupació |z Barcelona (Catalunya : Província) |9 36139 | |
| 650 | |a Xaloc Intermediació | ||
| 710 | 1 | |a Barcelona (Catalunya : Província). |b Servei de Dinamització del Mercat de Treball Local |9 56002 | |
| 901 | |a Arxiu | ||
| 942 | |n 1 | ||
| 952 | |0 0 |1 0 |4 0 |6 FU2214 |7 1 |9 50092 |a Arxiu |b Arxiu |d 2016-12-01 |l 0 |o FU-22-14 |p 20871 |r 2016-12-01 00:00:00 |w 2016-12-01 |y ARXIU | ||
| 999 | |c 53934 |d 53934 | ||